<?xml version="1.0" encoding="UTF-8"?>
<record
    xmlns:xsi="http://www.w3.org/2001/XMLSchema-instance"
    xsi:schemaLocation="http://www.loc.gov/MARC21/slim http://www.loc.gov/standards/marcxml/schema/MARC21slim.xsd"
    xmlns="http://www.loc.gov/MARC21/slim">

  <leader>01034nab a2200337 uc4500</leader>
  <controlfield tag="001">713599</controlfield>
  <controlfield tag="005">20240907091822.0</controlfield>
  <controlfield tag="008">011217s1998                        eng  </controlfield>
  <datafield tag="035" ind1=" " ind2=" ">
    <subfield code="a">713599</subfield>
  </datafield>
  <datafield tag="035" ind1=" " ind2=" ">
    <subfield code="a">(OCoLC)819928282</subfield>
  </datafield>
  <datafield tag="040" ind1=" " ind2=" ">
    <subfield code="c">comduadb</subfield>
  </datafield>
  <datafield tag="041" ind1=" " ind2=" ">
    <subfield code="a">eng</subfield>
  </datafield>
  <datafield tag="100" ind1="1" ind2="0">
    <subfield code="a">Witzany, Gunther</subfield>
    <subfield code="4">aut</subfield>
    <subfield code="e">aut</subfield>
    <subfield code="9">352198</subfield>
  </datafield>
  <datafield tag="245" ind1="1" ind2="0">
    <subfield code="a">Explaning and understanding LIFE</subfield>
  </datafield>
  <datafield tag="650" ind1=" " ind2=" ">
    <subfield code="a">Biosemiotica</subfield>
    <subfield code="9">90898</subfield>
  </datafield>
  <datafield tag="650" ind1=" " ind2=" ">
    <subfield code="a">Biosemiotics</subfield>
    <subfield code="9">90897</subfield>
  </datafield>
  <datafield tag="650" ind1=" " ind2=" ">
    <subfield code="a">Signs</subfield>
    <subfield code="9">85768</subfield>
  </datafield>
  <datafield tag="650" ind1=" " ind2=" ">
    <subfield code="a">Meaning</subfield>
    <subfield code="9">81929</subfield>
  </datafield>
  <datafield tag="650" ind1=" " ind2=" ">
    <subfield code="a">Significado</subfield>
    <subfield code="9">88885</subfield>
  </datafield>
  <datafield tag="650" ind1=" " ind2=" ">
    <subfield code="a">Communication</subfield>
    <subfield code="9">81188</subfield>
  </datafield>
  <datafield tag="650" ind1=" " ind2="7">
    <subfield code="a">Comunicaci&#xF3;n</subfield>
    <subfield code="2">embne</subfield>
    <subfield code="9">1550</subfield>
  </datafield>
  <datafield tag="650" ind1=" " ind2="7">
    <subfield code="a">Biolog&#xED;a humana</subfield>
    <subfield code="2">lemb</subfield>
    <subfield code="9">33988</subfield>
  </datafield>
  <datafield tag="650" ind1=" " ind2="7">
    <subfield code="a">Biolog&#xED;a humana</subfield>
    <subfield code="2">lemb</subfield>
    <subfield code="9">33988</subfield>
  </datafield>
  <datafield tag="650" ind1=" " ind2=" ">
    <subfield code="a">Life sciences</subfield>
    <subfield code="9">92166</subfield>
  </datafield>
  <datafield tag="650" ind1=" " ind2="7">
    <subfield code="a">Ciencias de la vida</subfield>
    <subfield code="2">lemb</subfield>
    <subfield code="9">13079</subfield>
  </datafield>
  <datafield tag="650" ind1=" " ind2="7">
    <subfield code="a">Ling&#xFC;&#xED;stica</subfield>
    <subfield code="2">lemb</subfield>
    <subfield code="9">6919</subfield>
  </datafield>
  <datafield tag="650" ind1=" " ind2=" ">
    <subfield code="a">Linguistics</subfield>
    <subfield code="9">79547</subfield>
  </datafield>
  <datafield tag="650" ind1=" " ind2="7">
    <subfield code="a">Signos y s&#xED;mbolos</subfield>
    <subfield code="2">armarc</subfield>
    <subfield code="9">11534</subfield>
  </datafield>
  <datafield tag="773" ind1="0" ind2=" ">
    <subfield code="t">Semiotica (Berlin)</subfield>
    <subfield code="g">Vol. 120, No. 03-04, 1998, p. 421-438</subfield>
    <subfield code="w">240560</subfield>
    <subfield code="x">0037-1998</subfield>
    <subfield code="0">101037</subfield>
  </datafield>
  <datafield tag="942" ind1=" " ind2=" ">
    <subfield code="c">ARIMP</subfield>
  </datafield>
  <datafield tag="999" ind1=" " ind2=" ">
    <subfield code="c">223096</subfield>
    <subfield code="d">223096</subfield>
  </datafield>
</record>
